000 00357pab a2200145 454500
008 180718b1985 xxu||||| |||| 00| 0 eng d
100 _aKaveri, V.S.
245 _aFinancing of working capital in Indian industry
260 _c1985
300 _aM123-8
362 _a31 Aug.
650 _aCapital
773 _aEconomic and Political Weekly
909 _a5106
999 _c5106
_d5106